Mongolia in the 21st century : society, culture and international relations (Record no. 444327)

000 -LEADER
fixed length control field 00613cam a22001817a 4500
008 - FIXED-LENGTH DATA ELEMENTS--GENERAL INFORMATION
fixed length control field 180718b2010 xxu||||| |||| 00| 0 eng d
020 ## - INTERNATIONAL STANDARD BOOK NUMBER
International Standard Book Number 9788182744851
082 ## - DEWEY DECIMAL CLASSIFICATION NUMBER
Classification number T19x517 W233m
245 ## - TITLE STATEMENT
Title Mongolia in the 21st century : society, culture and international relations
Statement of responsibility, etc. edited by K.Warikoo and Sharad K. Soni
260 ## - PUBLICATION, DISTRIBUTION, ETC.
Place of publication, distribution, etc. New Delhi
Name of publisher, distributor, etc. Pentagon
Date of publication, distribution, etc. 2010
300 ## - PHYSICAL DESCRIPTION
Extent 374p.
650 ## - SUBJECT ADDED ENTRY--TOPICAL TERM
Topical term or geographic name entry element Mongolia -- Civilization
650 ## - SUBJECT ADDED ENTRY--TOPICAL TERM
Topical term or geographic name entry element Mongolia -- Foreign relations -- India
650 ## - SUBJECT ADDED ENTRY--TOPICAL TERM
Topical term or geographic name entry element Mongolia -- Foreign relations
650 ## - SUBJECT ADDED ENTRY--TOPICAL TERM
Topical term or geographic name entry element National security -- Mongolia
700 ## - ADDED ENTRY--PERSONAL NAME
Personal name Soni, Sharad K.
700 ## - ADDED ENTRY--PERSONAL NAME
Personal name Warikoo, K.
Holdings
Withdrawn status Lost status Damaged status Not for loan Permanent Location Current Location Date acquired Full call number Barcode Date last seen Price effective from Koha item type
        Indian Institute of Public Administration Indian Institute of Public Administration 2015-02-25 T19x517 W233m 86065 2018-07-21 2018-07-21 Book

Powered by Koha